00327nam a2200109Ia 4500008004100000082001300041082000800054245011000062245001800172260001800190300000900208231017s9999 xx 000 0 und d a388.4068 bHOU 0aEvacuating Populations with Special Needs: Routes to Effective Evacuation Planning Primer Series Apr 2009 0cNancy Houston bNancy Houston c30cm